Exposición elevada al Excmo. Sr. Ministro de Fomento por la Junta de Gobierno del Centro General de Obligacionistas de ferro-carriles [sic]
MARC
| LEADER | 00000nam a2200000Ia 4500 | ||
|---|---|---|---|
| 001 | 16410, 18262 | ||
| 008 | 160829s1867 xx 000 0 cat d | ||
| 080 | |a RF-14-58 ; 931, exp. 4 | ||
| 245 | |a Exposición elevada al Excmo. Sr. Ministro de Fomento por la Junta de Gobierno del Centro General de Obligacionistas de ferro-carriles [sic] | ||
| 260 | |a Barcelona : |b Tip. de la Viuda e Hijos de Gaspar, |c 1867 | ||
| 300 | |a 26 p., [1] full pleg. ; |c 22 cm | ||
| 590 | |a Prové de 931, exp. 4 | ||
| 650 | |a Ferrocarrils |x Dret i legislació |x Espanya |x S. XIX |9 43340 | ||
| 700 | |a Centro General de Obligacionistas de Ferrocarriles |9 43341 | ||
| 856 | 4 | |u https://media.diba.cat/diba/fitxers/arxiu/fulletons/bib_16410_1867_baixa.pdf |y Accés lliure | |
| 856 | 4 | |u https://media.diba.cat/diba/fitxers/arxiu/fulletons/bib_16410_1867_baixa.pdf |y Accés lliure | |
| 901 | |a Arxiu | ||
| 942 | |n 1 |2 udc | ||
| 952 | |0 0 |1 0 |4 0 |6 RF1458__931_EXP_4 |7 1 |9 54539 |a Arxiu |b Arxiu |d 2016-12-01 |l 0 |o RF-14-58 ; 931, exp. 4 |p 16410, 18262 |r 2016-12-01 00:00:00 |w 2016-12-01 |y ARXIU | ||
| 999 | |c 58408 |d 58408 | ||
| 900 | |a bib_16410_1867_baixa.pdf | ||